000
00215 a2200097 4500
001
14848
100
_a
Lce A.S.G
245
_a
The royal house of Greece
260
_a
London
_b
Warlock & Co
_c
090
_c
11619
_d
11619
942
_a
NUST-CAE
_c
M
_c
1802
999
_c
249921
_d
249921